| 000 | 01075nam a22002537a 4500 | ||
|---|---|---|---|
| 999 |
_c7370 _d7370 |
||
| 003 | AR-CdUCM | ||
| 008 | 190320b ||||| |||| 00| 0 spa d | ||
| 040 |
_aMUNICIPALIDAD PROVINCIAL DEL CUSCO _cBIBLIOTECA MUNICIPAL DEL CUSCO |
||
| 041 | _heng | ||
| 082 |
_a370.9 / _bK29 |
||
| 100 |
_aKazamias, Andrea M. _920766 |
||
| 245 |
_aTradición y cambio en la educación : _bEstudio comparativo / |
||
| 260 |
_aMéxico : _bEditorial hispano americana, _c1968. |
||
| 300 |
_a371 + 11 páginas : _c17 cm. |
||
| 440 |
_aSeccion 17 Educacion _n327 _920767 |
||
| 505 | _aContenido: Naturaleza y objeto de la educación comparada -- Reclutamiento, selección y igualdad de oportunidades educativas -- Estructura de los sistemas educativos -- La educación y los problemas de la cultura política -- Tradición y cambio. | ||
| 650 |
_aEducación comparada _910864 |
||
| 650 |
_aSistema educativo _910794 |
||
| 650 |
_aCiencias sociales _91096 |
||
| 700 |
_aMassialas, Byron G. _920768 |
||
| 700 |
_aGomez de Silva, Jorge (traductor) _95171 |
||
| 942 |
_2ddc _cLIBROS |
||
| 945 | _adavv | ||